Countries That Do Not Recognize Palestine - Statistics

General Stats
  • This quiz has been taken 2,454 times
  • The average score is 29 of 52
Answer Stats
Answer % Correct
USA
98%
United Kingdom
93%
Canada
88%
France
87%
Germany
84%
Spain
83%
Australia
80%
Mexico
79%
Italy
78%
Norway
78%
Portugal
78%
Finland
76%
Israel
75%
Japan
75%
Austria
73%
Netherlands
72%
Belgium
71%
Ireland
71%
Greece
70%
New Zealand
69%
South Korea
69%
Denmark
68%
Switzerland
67%
Andorra
64%
Luxembourg
60%
Estonia
59%
Latvia
58%
Lithuania
58%
Holy See
56%
Slovenia
56%
Croatia
55%
Liechtenstein
48%
Malta
46%
Armenia
43%
Colombia
37%
Panama
37%
Fiji
36%
Moldova
35%
Singapore
35%
Jamaica
33%
Bahamas
31%
Macedonia
31%
Samoa
31%
Tonga
31%
Nauru
30%
Kiribati
26%
Micronesia
26%
Solomon Islands
26%
St Kitts and Nevis
22%
Myanmar
19%
Cameroon
12%
Eritrea
11%
No matching quizzes found
Score Distribution
Percent of People with Each Score
Percentile by Number Answered
Your Score History
You have not taken this quiz